Statistiche per Indovina il cibo dall'immagine

Clicka qui per fare il quiz!

Statistiche generali

  • Questo quiz è stato fatto 314 volte
  • Il punteggio medio è 10 su 16

Statistiche sulle risposte

Risposta% Corretto
Pizza
100%
Carciofo
89%
Cozza
89%
Gnocchi
89%
Vongole
88%
Sushi
81%
Aragosta
78%
Ostrica
69%
Calzone
56%
Capperi
52%
Crepe
50%
Pancake
50%
Cioccolato
49%
Panettone
41%
Frittelle
22%
Massaman curry
6%

Distribuzione punteggi

Percentile per numero di risposta

Percentuale di utenti per punteggio

I tuoi punteggi nel tempo

Non hai fatto questo quiz